Britain for sale (Record no. 83105)

MARC details
000 -LEADER
fixed length control field 01090cab a22002055a 4500
001 - CONTROL NUMBER
control field L152816
008 - FIXED-LENGTH DATA ELEMENTS--GENERAL INFORMATION
fixed length control field 110504e20110421xxk 000 0 eng d
035 ## - SYSTEM CONTROL NUMBER
System control number (Sirsi) u152816
041 0# - LANGUAGE CODE
Language code of text/sound track or separate title eng
100 1# - MAIN ENTRY--PERSONAL NAME
Personal name Johnstone, Nick
245 00 - TITLE STATEMENT
Title Britain for sale
260 ## - PUBLICATION, DISTRIBUTION, ETC.
Date of publication, distribution, etc. 2011
490 #0 - SERIES STATEMENT
Series statement Property Week
Volume/sequential designation 77(16), 21 April 2011, 28-31(4)
520 ## - SUMMARY, ETC.
Summary, etc. Property Week has obtained through a Freedom of Information Act request a comprehensive list of government property assets earmarked for sale. The 300 property list reflects a new Whitehall strategy to manage the disposal of all public property centrally. Looks at the history of government property disposals. Highlights nine of the largest properties for sale by the Government Property Unit. An interactive map covering all 300 properties is available to Property Week subscribers at www.propertyweek.com.
590 ## - LOCAL NOTE (RLIN)
Local note KA
651 #4 - SUBJECT ADDED ENTRY--GEOGRAPHIC NAME
Geographic name United Kingdom
Chronological subdivision
690 ## - LOCAL SUBJECT ADDED ENTRY--TOPICAL TERM (OCLC, RLIN)
Topical term or geographic name as entry element PROPERTY-COMMERCIAL PROPERTY-ACQUISITION AND DISPOSAL OF COMMERCIAL PROPERTY
690 ## - LOCAL SUBJECT ADDED ENTRY--TOPICAL TERM (OCLC, RLIN)
Topical term or geographic name as entry element PROPERTY-COMMERCIAL PROPERTY-COMMERCIAL PROPERTY MARKET
942 ## - ADDED ENTRY ELEMENTS (KOHA)
Suppress in OPAC 0
Holdings
Withdrawn status Lost status Source of classification or shelving scheme Damaged status Not for loan Home library Current library Shelving location Date acquired Total Checkouts Full call number Barcode Date last seen Copy number Price effective from Koha item type
    Dewey Decimal Classification     London London Journal article 04/05/2011   L152816 152816-1001 06/08/2019 1 06/08/2019 Journal article